000 00659nam a2200241Ia 4500
001 7460
005 20240113234016.0
007 ta
008 050706s1972 a g b000 u hin u
040 _aCotton College Assam
041 _ahin
082 _a891.4309
_bR 112 T
100 _aRaw, Adeswar.
245 0 _aTulanatmak Sodh Aur Samiksha /
_cAdeswar Raw.
_hTextual Documents
250 _a1st ed. /
260 _aAgra :
_bPragati Prakasan ,
_c1972.
300 _a94p. :
_bill. ;
_c21cm .
653 _aHindi literature-Criticism
653 _aCritical Study - Hindi Literature
942 _2ddc
_cBK
999 _c7447
_d7447